El tiempo, el amor, la muerte /
Guardado en:
| Autor Principal: | |
|---|---|
| Formato: | Libro |
| Publicado: |
Buenos Aires :
Gente de Letras,
1990
|
| Materias: | |
| Etiquetas: |
Agregar Etiqueta
Sin Etiquetas, Sea el primero en etiquetar este registro!
|
| LEADER | 00719nam a22002295a 4500 | ||
|---|---|---|---|
| 001 | CEM.cems002573 | ||
| 005 | 20100913114107.0 | ||
| 008 | 130507s1990##################000#0#####d | ||
| 003 | CEMS | ||
| 020 | |a 9509936421 | ||
| 082 | 0 | 4 | |a A868.4 |
| 100 | 1 | |a Forti, Nisa | |
| 245 | 1 | 0 | |a El tiempo, el amor, la muerte / |c Nisa Forti |
| 260 | |a Buenos Aires : |b Gente de Letras, |c 1990 | ||
| 300 | |a 145 p. | ||
| 505 | 0 | |a El tiempo -- El amor -- Tres fabulitas -- La muerte | |
| 653 | |a Literatura | ||
| 653 | |a Literatura argentina-siglo 20 | ||
| 653 | |a Cuentos | ||
| 653 | |a Cuentos argentino | ||
| 859 | |a CEMS |b BIB. CEMS - 11 de abril |h A868.4 |i F776 |p 16419.91 |t Ej.1 | ||
| 859 | |a CEMS |b BIB. CEMS - 11 de abril |h A868.4 |i F776 |p 16420.91 |t Ej.2 | ||
